Statistics for The Captain Quiz

Click here to take the quiz!

General Stats

  • This quiz has been taken 24 times
  • The average score is 10 of 20

Answer Stats

HintAnswer% Correct
Villain to Peter PanCaptain Hook
100%
British explorer who died in HawaiiCaptain Cook
91%
Alter ego of Steve RogersCaptain America
91%
Jamaican rum brand named
after a Welsh privateer
Captain Morgan
78%
Captain of USS EnterpriseCaptain Kirk
74%
One of the main protagonists
in "Moby-Dick"
Captain Ahab
70%
Fictional captains who captained
the ship "Black Pearl" at some point
Captain
Jack Sparrow
61%
Leia Organa's husbandCaptain Solo
57%
Tom Hanks movieCaptain Phillips
48%
Someone who stated what everybody
already knows
Captain Obvious
48%
The Planeteers call himCaptain Planet
39%
Children's novel series by Dav PilkeyCaptain Underpants
35%
Shazam's other nameCaptain Marvel
35%
Fictional captains who captained
the ship "Black Pearl" at some point
Captain Barbossa
30%
Bob Keeshan's TV seriesCaptain Kangaroo
26%
Earth's defender from MysteronsCaptain Scarlet
26%
Stage name of Don Van VlietCaptain Beefheart
17%
Viggo Mortensen movie about a
family who lives deep in the wilderness
Captain Fantastic
17%
Call of Duty series characterCaptain Price
13%
Famous manga soccer seriesCaptain Tsubasa
9%

Score Distribution

Percentile by Number Answered

Percent of People with Each Score

Your Score History

You have not taken this quiz